<?xml version="1.0" encoding="UTF-8"?>
<collection xmlns="http://www.loc.gov/MARC21/slim">
  <record>
    <leader>00000nam  2200000   4500</leader>
    <controlfield tag="001">INLIS000000000015627</controlfield>
    <controlfield tag="005">20230622085734</controlfield>
    <datafield tag="035" ind1="#" ind2="#">
      <subfield code="a">0010-0623000028</subfield>
    </datafield>
    <datafield tag="245" ind1="1" ind2="#">
      <subfield code="a">Sinergi Publikasi Prioritas Kota (Sinergi dan Integrasi Publikasi Program Prioritas Pemerintah Kota Balikpapan) Dinas Komunikasi dan Informatika Kota Balikpapan /</subfield>
      <subfield code="c">Aditya Eka WIcaksana, SSTP</subfield>
    </datafield>
    <datafield tag="100" ind1="1" ind2="#">
      <subfield code="a">WICAKSANA, Aditya Eka</subfield>
    </datafield>
    <datafield tag="250" ind1="#" ind2="#">
      <subfield code="a">1</subfield>
    </datafield>
    <datafield tag="300" ind1="#" ind2="#">
      <subfield code="a">ii, 29 halaman :</subfield>
      <subfield code="b">ilustrasi ;</subfield>
      <subfield code="c">30 cm</subfield>
    </datafield>
    <datafield tag="260" ind1="#" ind2="#">
      <subfield code="a">Samarinda :</subfield>
      <subfield code="b">Puslatbang KDOD,</subfield>
      <subfield code="c">2023</subfield>
    </datafield>
    <datafield tag="084" ind1="#" ind2="#">
      <subfield code="a">PKA 165 2023</subfield>
    </datafield>
    <datafield tag="650" ind1="#" ind2="4">
      <subfield code="a">Proyek Perubahan</subfield>
    </datafield>
    <datafield tag="650" ind1="#" ind2="4">
      <subfield code="a">Administrator</subfield>
    </datafield>
    <datafield tag="650" ind1="#" ind2="4">
      <subfield code="a">inovasi pemerintah</subfield>
    </datafield>
    <datafield tag="650" ind1="#" ind2="4">
      <subfield code="a">media informasi</subfield>
    </datafield>
    <datafield tag="650" ind1="#" ind2="4">
      <subfield code="a">media sosial</subfield>
    </datafield>
    <datafield tag="650" ind1="#" ind2="4">
      <subfield code="a">program pemerintah</subfield>
    </datafield>
    <datafield tag="650" ind1="#" ind2="4">
      <subfield code="a">keterbukaan informasi</subfield>
    </datafield>
    <datafield tag="520" ind1="#" ind2="#">
      <subfield code="a">Proyek perubahan ini menjelaskan  Publikasi program prioritas Pemerintah Kota Balikpapan dilakukan sebagai bentuk keterbukaan informasi sehingga&#13;
masyarakat dapat mengetahui secara komprehensif program kegiatan yang dilakukan oleh pemerintah khususnya program prioritas yang dilaksanakan di Kota Balikpapan.  Sinergi dan Integrasi Publikasi Program Prioritas Pemerintah Kota Balikpapan merupakan proses keterbukaan informasi dengan menggunakan konten yang menarik melalui platform media sosial dan media lainnya dengan opd terkait sehingga program prioritas Kota Balikpapan dapat diterima masyarakat secara lebih komprehensif.</subfield>
    </datafield>
    <datafield tag="990" ind1="#" ind2="#">
      <subfield code="a">PKA/165/2023</subfield>
    </datafield>
  </record>
</collection>
